<?xml version="1.0" encoding="UTF-8"?>
<record
    xmlns:xsi="http://www.w3.org/2001/XMLSchema-instance"
    xsi:schemaLocation="http://www.loc.gov/MARC21/slim http://www.loc.gov/standards/marcxml/schema/MARC21slim.xsd"
    xmlns="http://www.loc.gov/MARC21/slim">

  <leader>00969pam a2200229 a 4500</leader>
  <controlfield tag="001">4015590</controlfield>
  <controlfield tag="005">20210414113944.0</controlfield>
  <controlfield tag="008">970611s1998    ilua     b    001 0 eng  </controlfield>
  <datafield tag="020" ind1=" " ind2=" ">
    <subfield code="a">0844229644 (casebound)</subfield>
  </datafield>
  <datafield tag="040" ind1=" " ind2=" ">
    <subfield code="a">DLC</subfield>
    <subfield code="c">DLC</subfield>
    <subfield code="d">DLC</subfield>
  </datafield>
  <datafield tag="050" ind1="0" ind2="0">
    <subfield code="a">HF5415.1263.B56</subfield>
    <subfield code="b"> </subfield>
  </datafield>
  <datafield tag="100" ind1="1" ind2=" ">
    <subfield code="a">Bingham, Frank G.</subfield>
  </datafield>
  <datafield tag="245" ind1="1" ind2="0">
    <subfield code="a">Business marketing management. /</subfield>
    <subfield code="c">Frank G. Bingham, Jr.</subfield>
  </datafield>
  <datafield tag="260" ind1=" " ind2=" ">
    <subfield code="a">Lincolnwood, Ill., USA :</subfield>
    <subfield code="b">NTC Business Books,</subfield>
    <subfield code="c">c1998.</subfield>
  </datafield>
  <datafield tag="300" ind1=" " ind2=" ">
    <subfield code="a">xxiii, 632 p. :</subfield>
    <subfield code="b">ill. ;</subfield>
    <subfield code="c">24 cm.</subfield>
  </datafield>
  <datafield tag="504" ind1=" " ind2=" ">
    <subfield code="a">Includes bibliographical references and indexes.</subfield>
  </datafield>
  <datafield tag="505" ind1=" " ind2=" ">
    <subfield code="a">Contents: Introduction -- How buyers buy -- Identifying the customer -- Making and moving the goods -- Promoting and selling the goods -- Trends in business-to-business marketing -- Comprehensive cases.</subfield>
  </datafield>
  <datafield tag="650" ind1=" " ind2="0">
    <subfield code="a">Industrial marketing</subfield>
    <subfield code="x">Management.</subfield>
  </datafield>
  <datafield tag="650" ind1=" " ind2="0">
    <subfield code="z">United States</subfield>
  </datafield>
  <datafield tag="942" ind1=" " ind2=" ">
    <subfield code="2">lcc</subfield>
    <subfield code="c">BK</subfield>
  </datafield>
  <datafield tag="999" ind1=" " ind2=" ">
    <subfield code="c">959</subfield>
    <subfield code="d">8459</subfield>
  </datafield>
  <datafield tag="952" ind1=" " ind2=" ">
    <subfield code="0">0</subfield>
    <subfield code="1">0</subfield>
    <subfield code="2">lcc</subfield>
    <subfield code="4">0</subfield>
    <subfield code="7">0</subfield>
    <subfield code="a">WIUC-1</subfield>
    <subfield code="b">WIUC-1</subfield>
    <subfield code="c">GEN</subfield>
    <subfield code="d">2012-05-23</subfield>
    <subfield code="l">0</subfield>
    <subfield code="o">HF5415.1263.B56</subfield>
    <subfield code="p">2262/12</subfield>
    <subfield code="r">2012-05-23 00:00:00</subfield>
    <subfield code="t">1</subfield>
    <subfield code="w">2012-05-23</subfield>
    <subfield code="y">BK</subfield>
  </datafield>
  <datafield tag="952" ind1=" " ind2=" ">
    <subfield code="0">0</subfield>
    <subfield code="1">0</subfield>
    <subfield code="2">lcc</subfield>
    <subfield code="4">0</subfield>
    <subfield code="7">0</subfield>
    <subfield code="a">WIUC-1</subfield>
    <subfield code="b">WIUC-1</subfield>
    <subfield code="c">GEN</subfield>
    <subfield code="d">2012-05-23</subfield>
    <subfield code="l">0</subfield>
    <subfield code="o">HF5415.1263.B561</subfield>
    <subfield code="p">2263/12</subfield>
    <subfield code="r">2012-05-23 00:00:00</subfield>
    <subfield code="t">2</subfield>
    <subfield code="w">2012-05-23</subfield>
    <subfield code="y">BK</subfield>
  </datafield>
  <datafield tag="952" ind1=" " ind2=" ">
    <subfield code="0">0</subfield>
    <subfield code="1">0</subfield>
    <subfield code="2">lcc</subfield>
    <subfield code="4">0</subfield>
    <subfield code="7">0</subfield>
    <subfield code="a">WIUC-1</subfield>
    <subfield code="b">WIUC-1</subfield>
    <subfield code="c">GEN</subfield>
    <subfield code="d">2012-05-23</subfield>
    <subfield code="l">0</subfield>
    <subfield code="o">HF5415.1263.B562</subfield>
    <subfield code="p">2264/12</subfield>
    <subfield code="r">2012-05-23 00:00:00</subfield>
    <subfield code="t">3</subfield>
    <subfield code="w">2012-05-23</subfield>
    <subfield code="y">BK</subfield>
  </datafield>
  <datafield tag="952" ind1=" " ind2=" ">
    <subfield code="0">0</subfield>
    <subfield code="1">0</subfield>
    <subfield code="2">lcc</subfield>
    <subfield code="4">0</subfield>
    <subfield code="7">0</subfield>
    <subfield code="a">WIUC-1</subfield>
    <subfield code="b">WIUC-1</subfield>
    <subfield code="c">GEN</subfield>
    <subfield code="d">2012-05-23</subfield>
    <subfield code="l">0</subfield>
    <subfield code="o">HF5415.1263.B563</subfield>
    <subfield code="p">2265/12</subfield>
    <subfield code="r">2012-05-23 00:00:00</subfield>
    <subfield code="t">4</subfield>
    <subfield code="w">2012-05-23</subfield>
    <subfield code="y">BK</subfield>
  </datafield>
  <datafield tag="952" ind1=" " ind2=" ">
    <subfield code="0">0</subfield>
    <subfield code="1">0</subfield>
    <subfield code="2">lcc</subfield>
    <subfield code="4">0</subfield>
    <subfield code="7">0</subfield>
    <subfield code="a">WIUC-1</subfield>
    <subfield code="b">WIUC-1</subfield>
    <subfield code="c">GEN</subfield>
    <subfield code="d">2012-05-23</subfield>
    <subfield code="l">0</subfield>
    <subfield code="o">HF5415.1263.B564</subfield>
    <subfield code="p">2266/12</subfield>
    <subfield code="r">2012-05-23 00:00:00</subfield>
    <subfield code="t">5</subfield>
    <subfield code="w">2012-05-23</subfield>
    <subfield code="y">BK</subfield>
  </datafield>
  <datafield tag="952" ind1=" " ind2=" ">
    <subfield code="0">0</subfield>
    <subfield code="1">0</subfield>
    <subfield code="2">lcc</subfield>
    <subfield code="4">0</subfield>
    <subfield code="7">0</subfield>
    <subfield code="a">WIUC-1</subfield>
    <subfield code="b">WIUC-1</subfield>
    <subfield code="c">GEN</subfield>
    <subfield code="d">2012-05-23</subfield>
    <subfield code="l">0</subfield>
    <subfield code="o">HF5415.1263.B565</subfield>
    <subfield code="p">2267/12</subfield>
    <subfield code="r">2012-05-23 00:00:00</subfield>
    <subfield code="t">6</subfield>
    <subfield code="w">2012-05-23</subfield>
    <subfield code="y">BK</subfield>
  </datafield>
  <datafield tag="952" ind1=" " ind2=" ">
    <subfield code="0">0</subfield>
    <subfield code="1">0</subfield>
    <subfield code="2">lcc</subfield>
    <subfield code="4">0</subfield>
    <subfield code="7">0</subfield>
    <subfield code="a">WIUC-1</subfield>
    <subfield code="b">WIUC-1</subfield>
    <subfield code="c">GEN</subfield>
    <subfield code="d">2012-05-23</subfield>
    <subfield code="l">0</subfield>
    <subfield code="o">HF5415.1263.B566</subfield>
    <subfield code="p">2268/12</subfield>
    <subfield code="r">2012-05-23 00:00:00</subfield>
    <subfield code="t">7</subfield>
    <subfield code="w">2012-05-23</subfield>
    <subfield code="y">BK</subfield>
  </datafield>
  <datafield tag="952" ind1=" " ind2=" ">
    <subfield code="0">0</subfield>
    <subfield code="1">0</subfield>
    <subfield code="2">lcc</subfield>
    <subfield code="4">0</subfield>
    <subfield code="7">0</subfield>
    <subfield code="a">WIUC-1</subfield>
    <subfield code="b">WIUC-1</subfield>
    <subfield code="c">GEN</subfield>
    <subfield code="d">2012-05-23</subfield>
    <subfield code="l">0</subfield>
    <subfield code="o">HF5415.1263.B567</subfield>
    <subfield code="p">2269/12</subfield>
    <subfield code="r">2012-05-23 00:00:00</subfield>
    <subfield code="t">8</subfield>
    <subfield code="w">2012-05-23</subfield>
    <subfield code="y">BK</subfield>
  </datafield>
  <datafield tag="952" ind1=" " ind2=" ">
    <subfield code="0">0</subfield>
    <subfield code="1">0</subfield>
    <subfield code="2">lcc</subfield>
    <subfield code="4">0</subfield>
    <subfield code="7">0</subfield>
    <subfield code="a">WIUC-1</subfield>
    <subfield code="b">WIUC-1</subfield>
    <subfield code="c">GEN</subfield>
    <subfield code="d">2012-05-23</subfield>
    <subfield code="l">0</subfield>
    <subfield code="o">HF5415.1263.B568</subfield>
    <subfield code="p">2270/12</subfield>
    <subfield code="r">2012-05-23 00:00:00</subfield>
    <subfield code="t">9</subfield>
    <subfield code="w">2012-05-23</subfield>
    <subfield code="y">BK</subfield>
  </datafield>
  <datafield tag="952" ind1=" " ind2=" ">
    <subfield code="0">0</subfield>
    <subfield code="1">0</subfield>
    <subfield code="2">lcc</subfield>
    <subfield code="4">0</subfield>
    <subfield code="7">0</subfield>
    <subfield code="a">WIUC-1</subfield>
    <subfield code="b">WIUC-1</subfield>
    <subfield code="c">GEN</subfield>
    <subfield code="d">2012-05-23</subfield>
    <subfield code="l">0</subfield>
    <subfield code="o">HF5415.1263.B569</subfield>
    <subfield code="p">2271/12</subfield>
    <subfield code="r">2012-05-23 00:00:00</subfield>
    <subfield code="t">10</subfield>
    <subfield code="w">2012-05-23</subfield>
    <subfield code="y">BK</subfield>
  </datafield>
</record>
